000 00681nam a2200253Ia 4500
001 12828
005 20240113235415.0
007 ta
008 051025s1995 a g b000 u asm u
040 _aCotton College,Assam
041 _aasm
082 _a390
_bRa 112 Lo
100 _aRabha, Mukul.
245 0 _aLoka Sanskritir Subas Bichar /
_cMukul Rabha.
_hTextual Documents
250 _a1st ed. /
260 _aGuwahati :
_bTribal Research Institute, Assam ,
_c1995.
300 _a89p. :
_bill ;
_c22cm .
653 _aFolklore-Assam
653 _aFolk Culture-Assam
653 _aG-Education
942 _2ddc
_cBK
999 _c12814
_d12814